| 000 | 01178nam a2200325 a 4500 | ||
|---|---|---|---|
| 999 |
_c1960 _d1960 |
||
| 003 | BD-JhCC | ||
| 005 | 20190908134017.0 | ||
| 008 | 070308s2007 utua b 001 0 eng | ||
| 020 | _a9781423601579 | ||
| 020 | _a1423601572 | ||
| 035 | _a(BD-JhCC) | ||
| 040 |
_aDLC _cDLC _dDLC |
||
| 041 | _aeng | ||
| 050 | 0 | 0 |
_aHF5549.5.M63 _bC674 2007 |
| 082 | 0 | 0 |
_a650.1 _223 _bCOO 2007 |
| 100 | 1 | _aCoonradt, Charles A. | |
| 245 | 1 | 4 |
_aThe game of work / _cCharles A. Coonradt, with Lee Nelson. |
| 250 | _a1st ed. | ||
| 260 |
_aSalt Lake City, Utah : _bGibbs Smith, Publisher, _cc2007. |
||
| 300 |
_axiii, 178 p. : _bill. ; _c21 cm. |
||
| 500 | _aIncludes index. | ||
| 504 | _aincludes bibliographical references (p. 175 ) and index. | ||
| 505 | 0 | _aThe game of work -- Goals -- Scorekeeping -- Feedback -- Choice -- Field of play -- Winning -- Attitudes of winners -- Results to resources ratio -- Picking winners -- Coaching winners to greatness -- Winning at the game of work -- Index. | |
| 650 | 0 | _aEmployee motivation. | |
| 650 | 0 | _aMotivation (Psychology) | |
| 650 | 0 |
_aWork _xPsychological aspects. |
|
| 700 | 1 | _aNelson, Lee. | |
| 942 |
_2ddc _cBK _01 |
||